000 00446nam a2200169Ia 4500
003 GCL
008 140319s9999 xx 000 0 eng d
040 _aGCL /
_cGCL
082 0 4 _a659.2
_bF P
100 1 _aFRENCH, YLVA
245 1 0 _aPUBLIC RELATIONS FOR LEISURE AND TOURISM /
_cFRENCH, YLVA
260 _a[S.N] :
_bLONGMAN GROUP UK LIMITED ،
_c1994
300 _a162 P
650 0 4 _aPUBLIC RELATIONS
650 0 4 _aTOURISM
942 _2ddc
_cBK
999 _c21754
_d21754